000 00486nam a2200193 a 4500
001 1777626161795
003 YourLibrary
005 20260501143359.0
008 260501s2004##################000#0#eng##
020 _a9780762309689
082 0 4 _a388.114
_bSAN.9
100 1 _aSantos, Georgina,
_eauthor.
245 1 0 _aRoad Pricing :
260 _bJAI Press,
_c2004.
300 _a324 pages
650 0 _aTransportation.
942 _cENGLISH
040 _aYourLibrary
_beng
_cYourLibrary
999 _c621747
_d621747